00338nam a2200145Ia 4500008004100000041000800041082001700049100001200066245002300078260003500101300001200136365001200148650001600160650001600176210719s1997 xx 000 0 und d aeng a346.066 WADC aWADHWAS aCompanies act 1956 aAgrabWadhwa and Companyc1997 a678bPB b140cRs aCompany Law aCompany Law